000 00950nam a22003017a 4500
001 0045702
003 KOHA_MİRAKIL
005 20260207003454.0
007 ta
008 140226b1980 tu |||gr||||#||||0|tur |
040 _aTR-BiSEU
_btur
_cTR-BiSEU
_erda
041 0 _atur
044 _ctu
050 _aQP514.2
_b.P37 1980
100 1 _aPasternak, C.A..
245 1 _aİnsan biyokimyasına giriş/
_cC.A. Pasternak ; C.A. Pasternak ; çeviren Gönenç Ciliv, Kaya Emerk, Aysen Karan.
264 1 _aAnkara :
_bHacettepe Üniversitesi
_c1980
300 _a356 sayfa ;
_c25 cm.
336 _ametin
_btxt
_2rdacontent
337 _aaracısız
_bn
_2rdamedia
338 _acilt
_bnc
_2rdacarrier
490 1 _aHacettepe Üniversitesi yayınları ;
_vA-40
500 _aKaynakça var.
650 0 _aBiochemistry.
_91926
650 0 _aBiokimya.
_984185
830 1 _aHacettepe Üniversitesi yayınları ;
_vA-40
_924548
942 _2lcc
_cBK
999 _c45671
_d45671